Manual de contractació local / Jordi Pruneda i Vellvehí ... [et al.]
ISBN:
84-87286-13-5
Descripción Física:
321 p. ; 24 cm
Otros Autores:
Pruneda i Vellvehí, Jordi
Materias:
Contractes administratois -- Espanya
MARC
| LEADER | 00000nam a2200000Ia 4500 | ||
|---|---|---|---|
| 001 | 9582 | ||
| 008 | 160829s1991 xx 000 0 cat d | ||
| 020 | |a 84-87286-13-5 | ||
| 080 | |a M-2-41 | ||
| 245 | |a Manual de contractació local / Jordi Pruneda i Vellvehí ... [et al.] | ||
| 260 | |a Barcelona : |b Federació de Municipis de Catalunya, |c 1991 | ||
| 300 | |a 321 p. ; |c 24 cm | ||
| 490 | |a Quaderns municipals / Federació de Municipis de Catalunya ; 11 | ||
| 590 | |a Col·labora en l'edició la Diputació de Barcelona | ||
| 650 | |a Contractes administratois |x Espanya |9 30692 | ||
| 700 | |a Pruneda i Vellvehí, Jordi |9 30693 | ||
| 710 | 1 | |a Barcelona (Catalunya : Província). |b Diputació |9 52408 | |
| 710 | |a Federació de Municipis de Catalunya |9 52168 | ||
| 901 | |a Arxiu | ||
| 942 | |n 1 | ||
| 952 | |0 0 |1 0 |4 0 |6 M241 |7 1 |9 45490 |a Arxiu |b Arxiu |d 2016-12-01 |l 0 |o M-2-41 |p 9582 |r 2016-12-01 00:00:00 |w 2016-12-01 |y ARXIU | ||
| 999 | |c 48655 |d 48655 | ||